Normal view
MARC view
- ZGOLA,MELISSA BASTA ALFRED
Entry Personal Name
001 - CONTROL NUMBER
- control field: 89404
003 - CONTROL NUMBER IDENTIFIER
- control field: NUST
005 - DATE AND TIME OF LATEST TRANSACTION
- control field: 20220223113115.0
008 - FIXED-LENGTH DATA ELEMENTS
- fixed length control field: 220223|| aca||aabn | a|a d
040 ## - CATALOGING SOURCE
- Original cataloging agency: NUST
- Transcribing agency: NUST
100 ## - HEADING--PERSONAL NAME
- Personal name: ZGOLA,MELISSA BASTA ALFRED
670 ## - SOURCE DATA FOUND
- Source citation: Work cat.: (NUST): ZGOLA,MELISSA BASTA ALFRED., DATA BASE SECURITY /, 2012
